| 000 | 00547nam a2200145Ia 4500 | ||
|---|---|---|---|
| 008 | 151213s9999 xx 000 0 und d | ||
| 020 | _a894-8401715 | ||
| 100 | _aআবু তাহের মজুমদার | ||
| 245 |
_aসস্মৃতি সুধার জ্যাকসনভিল _cআবু তাহের মজুমদার |
||
| 260 |
_aঢাকা _bঋঅঙ্কুর প্রকাশনী _c2008 |
||
| 300 | _a6523 p. | ||
| 650 | _aBangla | ||
| 700 | _aআবু তাহের মজুমদার | ||
| 999 |
_c3612 _d3612 |
||